000 00424nam a2200157Ia 4500
008 230917s9999||||xx |||||||||||||| ||und||
020 _cPOU4.5
040 _e3572
_aMAIN
041 _aEnglish
082 _a320.942 P947B
100 _aProudfoot, Mary
245 0 _aBritish politics and government 1951-1970: A study of an alfluent society
260 _aLondon
_bFaber and Faber
_c1974
300 _a240 p.
942 _cBK
999 _c175365
_d175365